| 000 | 00754nam a22001817a 4500 | ||
|---|---|---|---|
| 005 | 20260309144639.0 | ||
| 010 | _aBACHN26 | ||
| 020 |
_a9789390101047 _c1200.00 |
||
| 037 | _bप्रभात प्रकाशन | ||
| 082 | _a503 | ||
| 100 |
_aशिवगोपाल मिश्र _988174 |
||
| 245 |
_aसाइंस इनसाइक्लोपीडिया/ _bशिवगोपाल मिश्र |
||
| 250 | _a1 | ||
| 260 |
_aनई दिल्ली _bप्रभात प्रकाशन _c2026 |
||
| 270 |
_a4/19 असफ अली रोड _bनई दिल्ली _e110002 _k23286555 |
||
| 300 |
_a463 पृ. _c25सेमी (साजिल्द) |
||
| 942 |
_2ddc _cHN _h503 _mशिवगो |
||
| 999 |
_c215384 _d215384 |
||